Formule 1 - Vainqueurs du GP du Castellet, Paul Ricard, France - Statistiques

Statistiques générales
  • Ce quiz a été pris 32 fois
  • Le résultat moyen est 15 sur 18
Statistiques - réponses
Années Pilotes % Correct
2019 Lewis Hamilton
100%
2018 Lewis Hamilton
100%
2021 Max Verstappen
100%
2022 Max Verstappen
100%
1983 Alain Prost
97%
1988 Alain Prost
97%
1989 Alain Prost
97%
1990 Alain Prost
97%
1975 Niki Lauda
86%
1985 Nelson Piquet
83%
1971 Jackie Stewart
72%
1986 Nigel Mansell
72%
1987 Nigel Mansell
72%
1976 James Hunt
69%
1980 Alan Jones
66%
1978 Mario Andretti
62%
1982 René Arnoux
48%
1973 Ronnie Peterson
38%
Aucun quiz correspondant
Distribution des résultats
% des personnes avec chaque résultat
Percentile par nombre de réponses
Votre historique - résultats
Vous n’avez pas pris ce quiz